|
|
|
|
| LEADER |
00000nam a2200000 a 4500 |
| 001 |
vtls008302681 |
| 003 |
SK-MaSNL |
| 005 |
20260301204459.0 |
| 008 |
240315s1852 xo 000 0 ger |
| 040 |
|
|
|a SNK
|b slo
|c SNK
|e AACR2
|
| 041 |
0 |
|
|a ger
|
| 044 |
|
|
|a xo
|c SK
|
| 100 |
1 |
|
|a Cherrier, Mikuláš,
|d 1790-1862
|4 aut
|9 124194
|
| 245 |
1 |
0 |
|a Glaubens und Sittenlehre
|n I. Band
|
| 260 |
|
|
|a Presburg
|b Verlag von L. A. Krapp
|c 1852
|
| 300 |
|
|
|a 398, 2 s.
|
| 958 |
|
|
|a ONDV
|
| 999 |
|
|
|c 906608
|d 908538
|
| 952 |
|
|
|a SNK
|b SNK
|y VYP
|7 0
|p 17A0483401
|o snkSC 12840/1 D3
|i snkF 4005/67
|8 0
|3 Rekatalogizácia
|0 0
|1 0
|4 0
|d 2005-10-13
|l 0
|r 2026-02-24 07:31:33
|w 2026-02-24
|
| 952 |
|
|
|a SNK
|b SNK
|y VYP
|7 0
|p 17A0483097
|o snkSC 12840/1 D2
|i snkK 3070/66
|8 0
|3 Rekatalogizácia
|0 0
|1 0
|4 0
|d 2005-10-13
|l 0
|r 2026-02-24 07:31:33
|w 2026-02-24
|
| 952 |
|
|
|a SNK
|b SNK
|y VYP
|7 0
|p 17A0483086
|o snkSC 12840/1 D1
|i snkD 784/65
|8 0
|3 Rekatalogizácia
|0 0
|1 0
|4 0
|d 2005-10-13
|l 0
|r 2026-02-24 07:31:33
|w 2026-02-24
|